000 00544nam a2200217Ia 4500
003 0100
008 130303s9999 xx 000 0 und d
040 _cARRUPELIB
050 _aBJ37.B77 1959
100 _aBrandt , Richard B
245 _aEthical theory
245 _bthe problems of normative and critical ethics
260 _aEnglewood Cliffs
260 _bPrentice-Hall , Inc.
260 _C1959
300 _axiii
300 _b 538p. 24cm.
440 _aPrentice-Hall philosophy series
650 _aETHICS
942 0 0 _02
999 _c47660
_d47660